| 000 | 00848nam a22002057a 4500 | ||
|---|---|---|---|
| 999 |
_c4641 _d4641 |
||
| 001 | 12505 | ||
| 003 | BD-DhUAP | ||
| 005 | 20201116112346.0 | ||
| 008 | 201116s1993 bg |||| |||| 000 0 ben d | ||
| 040 |
_aBD-DhUAP _bBen _cBD-DhUAP _dBD-DhUAP |
||
| 082 |
_223 _a330.150922 MAR |
||
| 100 | _aমার্কস, কার্ল। | ||
| 245 |
_aদর্শনের দারিদ্র সম্পর্কিত পত্রাবলী / _cকার্ল মার্কস ; আলাউদ্দীন আহমদ কর্তৃক অনূদিত। |
||
| 260 |
_aঢাকা : _bমুক্তধারা, _cc১৯৯৩। |
||
| 300 |
_a৪৭ পৃষ্ঠা ; _c২২ সেমি.। |
||
| 600 | _aMarx, Karl, 1818-1883 | ||
| 650 | _aPhilosophy. | ||
| 700 | _aআহমদ, আলাউদ্দীন। | ||
| 942 |
_2ddc _cBK |
||